000
00328nam a2200157Ia 4500
100
_a
Berman/Kenneth A/ Paul/J.L
650
_a
Algorithms
942
_c
BK
366
_f
17.5
654
_a
algorithm
245
_a
Algorithms
260
_b
Cengage Learning
_a
Mumbai
_c
2002
300
_a
757
546
_a
ENGLISH
999
_c
25743
_d
25743